The HANDBOOK of counselling children and young people

Guardat en:
Dades bibliogràfiques
Format: Llibre
Idioma:anglès
Publicat: Sage Publications, British Association for counselling & psychotherapy, 2015.
Etiquetes: Afegir etiqueta
Sense etiquetes, Sigues el primer a etiquetar aquest registre!

MARC

LEADER 00000nam a22000007a 4500
008 210526b ||||| |||| 00| 0 eng d
020 |a 978-1-4462-5299-4 
245 |a The HANDBOOK of counselling children and young people  |c Sue Pattison, Maggie Robson, Ann Beynon.  |g xii, 500p. ; ill. 
260 |b Sage Publications, British Association for counselling & psychotherapy,  |c  2015.  |h Los Angeles:  |i 691972   |i 691973   |l RJ504 .H19  |m Children – Counselling of.   |m Youth – Counselling of.   |m Counselling.  |m Child  |m Adolescent. 
500 |a “It includes references and index”. 
942 |a lcc  |c BK  |e Adeniran, F. A  |f 26/05/2021 
952 |0 0  |1 0  |2 lcc  |4 0  |6 RJ0504 H19  |7 0  |9 2440  |a HOL  |b ED  |c LP  |d 2021-05-26  |l 0  |o RJ504 .H19  |p 2021-6291  |r 2021-05-26 00:00:00  |w 2021-05-26  |y BK 
952 |0 0  |1 0  |2 lcc  |4 0  |6 RJ0504 H19  |7 0  |9 2441  |a HOL  |b HOL  |c LP  |d 2021-05-26  |l 0  |o RJ504 .H19  |p 2021-6292  |r 2021-05-26 00:00:00  |w 2021-05-26  |y BK 
999 |c 1274  |d 1274